000 00585nam a2200217 a 4500
999 _c7717
_d7717
001 7717
003 BD-JhCC
005 20180213120839.0
008 171212s2008 bg ||||| ||a| 00| 0 eng d
035 _a(BD-JhCC) 7717
040 _aBD-JhCC
_dBD-JhCC
041 _aeng
082 _a330.9541
_bBAN 2010
245 _aBangladesh Economic Review 2009 /
_cMinistry of finance,
260 _aDhaka :
_bFinance Ministry,
_c2010.
300 _a328 p. :
_bills;
_c25 cm.
650 _aEconomic Condition
_zBangladesh
710 _aMinistry of finance
942 _2ddc
_cBK